[Event "16. Bayer Open"]
[Site "Leverkusen"]
[Date "2018.01.08"]
[Round "1.28"]
[White "Boschek, Hans-Joachim"]
[Black "Haag, Helmut"]
[Result "1-0"]
[WhiteElo "1942"]
[BlackElo "1609"]
[PlyCount "68"]
[EventDate "2018.??.??"]
[WhiteTeam "SG Solingen"]
[BlackTeam "Langenfelder SF"]

1. Nf3 Nc6 2. d4 d5 3. g3 Bg4 4. Bg2 e6 5. Nbd2 Nf6 6. O-O Be7 7. b3 O-O 8. Bb2
Re8 9. c4 dxc4 10. bxc4 Qd7 11. Qb3 Rab8 12. Rad1 b6 13. a3 Rbd8 14. Rfe1 Na5
15. Qc2 Nc6 16. e4 Qc8 17. Rc1 Nb8 18. e5 Nfd7 19. Qe4 Bf5 20. Qf4 Bg6 21. Nh4
Bxh4 22. Qxh4 c5 23. d5 exd5 24. cxd5 Nf8 25. Nc4 Qd7 26. Nd6 Re7 27. Bh3 Qc7
28. Nb5 Qb7 29. d6 Ree8 30. Nc7 Nbd7 31. Bg2 Qc8 32. Qa4 Ne6 33. Nxe8 Rxe8 34.
Qxa7 Qb8 1-0

[Event "16. Bayer Open"]
[Site "Leverkusen"]
[Date "2018.01.08"]
[Round "1.29"]
[White "Riesen, Ingo"]
[Black "Schimpf, Rolf"]
[Result "0-1"]
[WhiteElo "1602"]
[BlackElo "1936"]
[PlyCount "60"]
[EventDate "2018.??.??"]
[WhiteTeam "Klub Kölner SF"]
[BlackTeam "SC Bayer Leverkusen"]

1. d4 Nf6 2. c4 b6 3. Nc3 Bb7 4. Nf3 e6 5. e3 Be7 6. Be2 O-O 7. O-O Ne4 8. Nxe4
Bxe4 9. Bd3 Bxd3 10. Qxd3 f5 11. Bd2 Bf6 12. Bc3 d6 13. Rad1 Qe7 14. Rfe1 Re8
15. e4 fxe4 16. Qxe4 Nd7 17. h3 a5 18. a4 Rac8 19. Qd3 Qf7 20. Re2 Re7 21. Rde1
Rce8 22. b4 axb4 23. Bxb4 e5 24. dxe5 Nxe5 25. Nxe5 Rxe5 26. Bc3 Rxe2 27. Rxe2
Rxe2 28. Qxe2 Bxc3 29. Qf3 Be5 30. Qe4 g6 0-1

[Event "16. Bayer Open"]
[Site "Leverkusen"]
[Date "2018.01.08"]
[Round "1.30"]
[White "Meul, Willi"]
[Black "Balduan, Karl-Heinz"]
[Result "1/2-1/2"]
[WhiteElo "1931"]
[BlackElo "1600"]
[PlyCount "45"]
[EventDate "2018.??.??"]
[WhiteTeam "SV Hürth-Berrenrath"]
[BlackTeam "Königsspringer Leverkusen"]

1. d4 d5 2. Nf3 Bf5 3. e3 c6 4. c4 e6 5. Qb3 Qc7 6. Nc3 Nd7 7. Bd2 Ngf6 8. Rc1
dxc4 9. Bxc4 Qb6 10. O-O Be7 11. Rfe1 Bg4 12. Ne5 Qxb3 13. Bxb3 Nxe5 14. dxe5
Nd7 15. h3 Bh5 16. f4 Nc5 17. Bc2 Rd8 18. g4 Rxd2 19. gxh5 O-O 20. Red1 Rfd8
21. Nb1 Rxd1+ 22. Rxd1 Rxd1+ 23. Bxd1 1/2-1/2

[Event "16. Bayer Open"]
[Site "Leverkusen"]
[Date "2018.01.08"]
[Round "1.31"]
[White "Shelukie, Magd"]
[Black "Piekorz, Roland"]
[Result "0-1"]
[WhiteElo "1592"]
[BlackElo "1929"]
[PlyCount "134"]
[EventDate "2018.??.??"]
[WhiteTeam "Bergische SF"]
[BlackTeam "Düsseldorfer SK"]

1. e4 g6 2. f4 Bg7 3. Nf3 d6 4. d4 c5 5. Nc3 cxd4 6. Nxd4 Nf6 7. f5 Qa5 8. fxg6
hxg6 9. Nb3 Qe5 10. Qd4 Qxd4 11. Nxd4 Nxe4 12. Ndb5 Bxc3+ 13. bxc3 Na6 14. Bb2
Ng3 15. c4 Rh7 16. Rg1 Nxf1 17. Rxf1 Rxh2 18. O-O-O Be6 19. c5 Bc4 20. Nxd6+
exd6 21. Rfe1+ Be6 22. cxd6 Kd7 23. Rd2 Rc8 24. Bf6 Rh5 25. Re3 Rcc5 26. a3
Rcd5 27. Rxd5 Rxd5 28. Be7 Nb8 29. Rb3 b6 30. Rb4 Nc6 31. c4 Nxb4 32. cxd5 Nxd5
33. Bf8 b5 34. Kd2 a5 35. g3 b4 36. axb4 axb4 37. Kc2 Ne3+ 38. Kd2 Nf5 39. g4
Nxd6 40. g5 Ne4+ 41. Kc2 b3+ 42. Kb2 Kc6 43. Be7 Kb5 44. Bd8 Nc5 45. Bf6 Kc4
46. Ka3 Kd3 47. Be5 Kc2 48. Bc3 Nd3 49. Bf6 b2 50. Bxb2 Nxb2 51. Kb4 f5 52.
gxf6 g5 53. Kc5 Nc4 54. Kd4 Kd2 55. Ke4 Ne3 56. Kf3 Kd3 57. Kg3 Ke4 58. Kf2 Kf4
59. Kg1 Nd5 60. f7 Bxf7 61. Kg2 g4 62. Kf2 g3+ 63. Kg2 Nc3 64. Kh1 Bd5+ 65. Kg1
Ke3 66. Kf1 g2+ 67. Kg1 Ne2+ 0-1

[Event "16. Bayer Open"]
[Site "Leverkusen"]
[Date "2018.01.08"]
[Round "1.32"]
[White "Blumenthal, Ralf"]
[Black "Breuer, Achim"]
[Result "1-0"]
[WhiteElo "1922"]
[BlackElo "1584"]
[PlyCount "57"]
[EventDate "2018.??.??"]
[WhiteTeam "SK Turm Euskirchen"]
[BlackTeam "SV Dormagen"]

1. Nf3 e6 2. g3 d5 3. Bg2 Nf6 4. d4 c5 5. O-O Nc6 6. c3 Be7 7. Nbd2 O-O 8. dxc5
Bxc5 9. Nb3 Be7 10. Bf4 Qb6 11. Qc2 Bd7 12. Be3 Qd8 13. Nc5 b6 14. Nd3 Rc8 15.
Rad1 Ng4 16. Bf4 g5 17. Bc1 e5 18. h3 e4 19. hxg4 exf3 20. Bxf3 Nd4 21. Qd2
Nxf3+ 22. exf3 Bc6 23. Ne5 Ba8 24. Qe3 Bf6 25. Rfe1 Re8 26. f4 Bg7 27. Qd3 Qd6
28. Qf5 Rxe5 29. Qxc8+ 1-0

[Event "16. Bayer Open"]
[Site "Leverkusen"]
[Date "2018.01.08"]
[Round "1.33"]
[White "Esser, Heinz"]
[Black "Birnkott, Manfred"]
[Result "0-1"]
[WhiteElo "1582"]
[BlackElo "1920"]
[PlyCount "74"]
[EventDate "2018.??.??"]
[WhiteTeam "SV Dormagen"]
[BlackTeam "SC Bayer Leverkusen"]

1. c4 e5 2. g3 Nf6 3. Bg2 Be7 4. e4 O-O 5. Ne2 d6 6. Nbc3 c6 7. O-O Be6 8. d3
Qd7 9. f4 Qc7 10. f5 Bd7 11. d4 exd4 12. Nxd4 a6 13. a4 c5 14. Nde2 Bc6 15. Nd5
Bxd5 16. cxd5 Nbd7 17. b3 Qb6 18. Kh1 Rac8 19. a5 Qc7 20. Bb2 Ng4 21. Rf3 Nge5
22. Rf1 b6 23. axb6 Qxb6 24. Bc3 Bf6 25. Rb1 Ng4 26. Bd2 Nge5 27. Nf4 Qa7 28.
Nh5 c4 29. Nxf6+ Nxf6 30. Qe2 cxb3 31. Be3 Qb7 32. Bd4 a5 33. Bxe5 dxe5 34. Qb2
a4 35. h3 Qb4 36. Rf2 Nxe4 37. Re2 Nxg3+ 0-1

[Event "16. Bayer Open"]
[Site "Leverkusen"]
[Date "2018.01.08"]
[Round "1.34"]
[White "Beyer, Fabian"]
[Black "Müller, Horst"]
[Result "1-0"]
[WhiteElo "1908"]
[BlackElo "1580"]
[PlyCount "65"]
[EventDate "2018.??.??"]
[WhiteTeam "SG Solingen"]
[BlackTeam "SV Springer Hitdorf"]

1. d4 Nf6 2. c4 g6 3. Nc3 Bg7 4. e4 d6 5. Be2 O-O 6. Be3 e5 7. d5 a5 8. h3 Ne8
9. Nf3 f5 10. Bg5 Nf6 11. O-O Na6 12. Nd2 Nc5 13. a3 h6 14. Bxf6 Qxf6 15. b4
axb4 16. axb4 Rxa1 17. Qxa1 Nd7 18. Qa5 Qd8 19. Nb5 Nf6 20. exf5 gxf5 21. Qxc7
Qxc7 22. Nxc7 Rf7 23. Nb5 Bf8 24. Ra1 Bd7 25. Nc3 Bc8 26. Ra8 Bd7 27. Nb3 Kg7
28. Rb8 Be8 29. Na5 b6 30. Rxb6 Rc7 31. Nb7 Nd7 32. Nxd6 Bg6 33. Rb7 1-0

[Event "16. Bayer Open"]
[Site "Leverkusen"]
[Date "2018.01.08"]
[Round "1.35"]
[White "Klees, Robert"]
[Black "Jiritschka, Wolfgang"]
[Result "0-1"]
[WhiteElo "1575"]
[BlackElo "1898"]
[PlyCount "48"]
[EventDate "2018.??.??"]
[WhiteTeam "SF Düsseldorf-Süd"]
[BlackTeam "SC Bayer Leverkusen"]

1. d4 Nf6 2. c4 c5 3. d5 b5 4. e3 g6 5. b3 Bg7 6. Bb2 bxc4 7. bxc4 d6 8. Bd3
O-O 9. Ne2 Nbd7 10. Nd2 Rb8 11. Bc3 Nb6 12. O-O Ba6 13. Rb1 Nbxd5 14. Ba1 Nb4
15. Ne4 Nxe4 16. Bxg7 Kxg7 17. Bxe4 Bxc4 18. a3 Na6 19. Qc2 Bxe2 20. Qxe2 Qa5
21. Rb7 Rxb7 22. Bxb7 Nc7 23. Qb2+ f6 24. Bc6 Qb6 0-1

[Event "16. Bayer Open"]
[Site "Leverkusen"]
[Date "2018.01.08"]
[Round "1.36"]
[White "Hennig, Edgar Paul"]
[Black "Hoferichter, Michael"]
[Result "1-0"]
[WhiteElo "1897"]
[BlackElo "1569"]
[PlyCount "71"]
[EventDate "2018.??.??"]
[WhiteTeam "Satranç Club"]
[BlackTeam "Klub Kölner SF"]

1. d4 Nf6 2. Nf3 d6 3. Nc3 g6 4. e4 Bg7 5. Be2 e5 6. dxe5 dxe5 7. Qxd8+ Kxd8 8.
Bg5 h6 9. O-O-O+ Ke8 10. Bxf6 Bxf6 11. Nd5 Bd8 12. Nxe5 Be6 13. Kb1 Kf8 14. Nf4
Ke7 15. Nxe6 Kxe6 16. f4 Rf8 17. Ng4 h5 18. Bc4+ Ke7 19. Ne5 Kf6 20. Nxf7 Nc6
21. Nxd8 Raxd8 22. g3 Nd4 23. Bd3 c5 24. Kc1 a6 25. c3 Nc6 26. e5+ Kg7 27. Be4
Na5 28. Rxd8 Rxd8 29. Rd1 Rxd1+ 30. Kxd1 b5 31. Bd5 Nc4 32. Bxc4 bxc4 33. Ke2
Kf7 34. Ke3 Ke6 35. Ke4 a5 36. a4 1-0

[Event "16. Bayer Open"]
[Site "Leverkusen"]
[Date "2018.01.08"]
[Round "1.37"]
[White "Longerich, Hans-Peter"]
[Black "Gutt, Oswald"]
[Result "0-1"]
[WhiteElo "1551"]
[BlackElo "1890"]
[PlyCount "86"]
[EventDate "2018.??.??"]
[WhiteTeam "SC Bayer Leverkusen"]
[BlackTeam "Bergische SF"]

1. e4 e6 2. d4 d5 3. exd5 exd5 4. Bd3 Bd6 5. Nf3 Ne7 6. Nbd2 O-O 7. O-O Bf5 8.
Be2 Nbc6 9. c3 Ng6 10. Re1 Re8 11. Nf1 Nf4 12. Bxf4 Bxf4 13. Ng3 Bxg3 14. fxg3
Qd6 15. Nh4 Be4 16. Bd3 g6 17. Nf3 Re7 18. Ng5 f5 19. Qd2 Rae8 20. Nf3 a6 21.
Rad1 Kg7 22. Qf4 Qxf4 23. gxf4 Bxf3 24. Rxe7+ Rxe7 25. gxf3 Kf6 26. Kf2 Nd8 27.
Re1 Rxe1 28. Kxe1 Ne6 29. Kf2 Nxf4 30. Bf1 g5 31. Kg3 Ng6 32. Bd3 h5 33. Kf2 g4
34. fxg4 hxg4 35. Kg3 Kg5 36. Bf1 f4+ 37. Kf2 Nh4 38. Be2 f3 39. Bf1 Kf4 40.
Bd3 Nf5 41. b3 Nd6 42. c4 Ne4+ 43. Bxe4 dxe4 0-1

[Event "16. Bayer Open"]
[Site "Leverkusen"]
[Date "2018.01.15"]
[Round "2.1"]
[White "Stillger, Bernhard"]
[Black "Schülke, Tilman"]
[Result "1-0"]
[WhiteElo "2338"]
[BlackElo "1971"]
[PlyCount "69"]
[EventDate "2018.??.??"]
[WhiteTeam "Oberhausener SV"]
[BlackTeam "Düsseldorfer SV"]

1. d4 d5 2. c4 e6 3. Nf3 c6 4. Qc2 f5 5. Bf4 Nf6 6. e3 Be7 7. Nc3 O-O 8. Bd3
Ne4 9. g4 Kh8 10. Rg1 Na6 11. a3 c5 12. gxf5 Nxc3 13. bxc3 exf5 14. cxd5 cxd4
15. exd4 Bd6 16. Ne5 Nc7 17. c4 b5 18. Nc6 Qe8+ 19. Be5 bxc4 20. Bxc4 Rg8 21.
f4 Bd7 22. Qg2 Qf8 23. Kf1 Ne8 24. Rb1 Rc8 25. Rb7 Qf7 26. Bd3 Rc7 27. Rxc7
Bxc7 28. Bxc7 Nxc7 29. Ne5 Qe8 30. Qh3 g6 31. Bc4 Rg7 32. d6 Ne6 33. d5 Nf8 34.
Qe3 Qb8 35. Kf2 1-0

[Event "16. Bayer Open"]
[Site "Leverkusen"]
[Date "2018.01.15"]
[Round "2.2"]
[White "Asadzade, Idris"]
[Black "Balduan, Markus"]
[Result "1/2-1/2"]
[WhiteElo "1967"]
[BlackElo "2309"]
[PlyCount "51"]
[EventDate "2018.??.??"]
[WhiteTeam "Königsspringer Leverkusen"]
[BlackTeam "TV Witzhelden"]

1. c4 c6 2. e4 d5 3. exd5 cxd5 4. d4 Nf6 5. Nc3 Nc6 6. Nf3 Bg4 7. cxd5 Nxd5 8.
Qb3 Bxf3 9. gxf3 e6 10. Qxb7 Nxd4 11. Bb5+ Nxb5 12. Qc6+ Ke7 13. Qxb5 Qd7 14.
Nxd5+ Qxd5 15. Bg5+ f6 16. Qxd5 exd5 17. Be3 Ke6 18. O-O-O Rc8+ 19. Kb1 Bc5 20.
Rhe1 Bxe3 21. Rxe3+ Kd6 22. Ra3 Rhe8 23. Rxa7 Re2 24. Ra5 Rc5 25. Rxc5 Kxc5 26.
Rc1+ 1/2-1/2

[Event "16. Bayer Open"]
[Site "Leverkusen"]
[Date "2018.01.15"]
[Round "2.3"]
[White "Marcziter, Dmitrii"]
[Black "Scharff, Klaus"]
[Result "1/2-1/2"]
[WhiteElo "2279"]
[BlackElo "1952"]
[PlyCount "116"]
[EventDate "2018.??.??"]
[WhiteTeam "DJK Aufwärts Aachen"]
[BlackTeam "SV Opladen"]

1. d4 e6 2. c4 d6 3. Nc3 Nd7 4. e4 Ne7 5. Bd3 e5 6. Nge2 g6 7. Be3 Bg7 8. d5 a6
9. Qd2 f5 10. f4 fxe4 11. Nxe4 Nf5 12. Bf2 O-O 13. O-O Nf6 14. h3 h5 15. Ng5
Nh7 16. Ne6 Bxe6 17. dxe6 Qe8 18. Be4 c6 19. Bxf5 gxf5 20. Qxd6 Rd8 21. Qc5
Qxe6 22. Rad1 e4 23. Nd4 Qf6 24. Be3 Rf7 25. Rd2 Bf8 26. Qa5 c5 27. Ne2 b6 28.
Qa3 Rxd2 29. Bxd2 Qd6 30. Qg3+ Bg7 31. Bc3 Kf8 32. Bxg7+ Rxg7 33. Qc3 Qd3 34.
Qxd3 exd3 35. Nc1 Rd7 36. Rd1 Rd4 37. Nxd3 Rxc4 38. Re1 Re4 39. Rxe4 fxe4 40.
Ne5 Nf6 41. g4 hxg4 42. hxg4 Kg7 43. Kf2 Nd5 44. Kg3 e3 45. Kf3 e2 46. Kxe2
Nxf4+ 47. Ke3 Ne6 48. Nd7 b5 49. Ke4 Kf7 50. Kd5 c4 51. Nc5 Nf4+ 52. Ke4 Ne2
53. Nxa6 c3 54. Kd3 cxb2 55. Kc2 Nc3 56. Kxb2 Ne2 57. Kc2 Kg6 58. Nc5 Kg5
1/2-1/2

[Event "16. Bayer Open"]
[Site "Leverkusen"]
[Date "2018.01.15"]
[Round "2.4"]
[White "Alexopoulos, Spiros Orestis"]
[Black "Lamprecht, Mark"]
[Result "1/2-1/2"]
[WhiteElo "1947"]
[BlackElo "2210"]
[PlyCount "151"]
[EventDate "2018.??.??"]
[WhiteTeam "Aachener SV"]
[BlackTeam "SC Bonn Beuel"]

1. e4 c6 2. d4 d5 3. f3 Qb6 4. Nc3 e6 5. Rb1 Ne7 6. Be3 Ng6 7. Bd3 Be7 8. Nge2
O-O 9. O-O f5 10. Qd2 Bd7 11. Na4 Qc7 12. c4 dxc4 13. Bc2 Na6 14. b3 b5 15. Nc5
Nxc5 16. dxc5 cxb3 17. Bxb3 Kh8 18. exf5 exf5 19. Bd4 a5 20. a3 a4 21. Ba2 Rad8
22. Qc3 Bf6 23. Bxf6 Rxf6 24. Nd4 Rff8 25. Be6 Qe5 26. Rfe1 Qf6 27. Bxd7 Rxd7
28. Rbd1 Nf4 29. Qe3 Qg5 30. g3 Nh3+ 31. Kg2 Qxe3 32. Rxe3 Ng5 33. h4 Nf7 34.
Ne6 Rxd1 35. Nxf8 Rd2+ 36. Kf1 Rd8 37. Nd7 h6 38. Re7 Kg8 39. Ke2 g6 40. Kd2
Ne5 41. Rxe5 Rxd7+ 42. Kc3 Kf7 43. Re3 Rd5 44. Kb4 g5 45. hxg5 hxg5 46. Rc3 Ke6
47. Ka5 Rd4 48. Kb6 Kd5 49. Re3 f4 50. gxf4 gxf4 51. Re8 b4 52. axb4 Rxb4+ 53.
Ka5 Rb3 54. Kxa4 Rxf3 55. Kb4 Rf1 56. Rd8+ Ke4 57. Re8+ Kf5 58. Kc3 Rc1+ 59.
Kd4 Rd1+ 60. Kc3 f3 61. Rf8+ Ke4 62. Re8+ Kf4 63. Rf8+ Ke3 64. Re8+ Kf2 65. Re6
Rc1+ 66. Kd4 Rd1+ 67. Kc4 Kg3 68. Rxc6 f2 69. Rf6 f1=Q+ 70. Rxf1 Rxf1 71. c6
Kf4 72. Kd5 Kf5 73. c7 Rc1 74. Kd6 Kf6 75. Kd7 Rd1+ 76. Kc6 1/2-1/2

[Event "16. Bayer Open"]
[Site "Leverkusen"]
[Date "2018.01.15"]
[Round "2.5"]
[White "Mohaupt, Sascha"]
[Black "Henseler, Klaus"]
[Result "1-0"]
[WhiteElo "2200"]
[BlackElo "1948"]
[PlyCount "63"]
[EventDate "2018.??.??"]
[WhiteTeam "SV Wermelskirchen"]
[BlackTeam "SC Bayer Leverkusen"]

1. d4 Nf6 2. Nc3 d5 3. Bf4 g6 4. Qd2 Bg7 5. Bh6 Bxh6 6. Qxh6 c6 7. e3 b5 8. Bd3
Nbd7 9. Nf3 Qc7 10. h3 Bb7 11. O-O O-O-O 12. a4 a6 13. axb5 axb5 14. Ng5 Rdf8
15. f4 Ne8 16. Ne2 Ndf6 17. b3 Nd6 18. Ng3 e6 19. Rfc1 Qe7 20. c4 bxc4 21. bxc4
Nde8 22. c5 Ng8 23. Qh4 h6 24. Rcb1 f6 25. Nf3 Qg7 26. Ne2 Rf7 27. Qe1 Rc7 28.
Ra7 Rh7 29. Rbxb7 Rxb7 30. Ba6 Qf8 31. Qb4 Kd8 32. Rxb7 1-0

[Event "16. Bayer Open"]
[Site "Leverkusen"]
[Date "2018.01.15"]
[Round "2.6"]
[White "Schimpf, Rolf"]
[Black "Peschel, Andreas"]
[Result "0-1"]
[WhiteElo "1936"]
[BlackElo "2195"]
[PlyCount "68"]
[EventDate "2018.??.??"]
[WhiteTeam "SC Bayer Leverkusen"]
[BlackTeam "SG Solingen"]

1. d4 c5 2. e3 cxd4 3. exd4 d5 4. Nf3 Nf6 5. Bd3 Nc6 6. c3 Bg4 7. h3 Bxf3 8.
Qxf3 e6 9. Bf4 Bd6 10. Nd2 O-O 11. O-O Bxf4 12. Qxf4 Qb8 13. Qxb8 Raxb8 14.
Rfe1 b5 15. a3 Na5 16. b4 Nc4 17. Nxc4 dxc4 18. Be4 a5 19. Bf3 a4 20. Re3 Rfd8
21. Rae1 h6 22. g3 g5 23. Bc6 Rb6 24. Bg2 Kg7 25. Kh2 Nh7 26. g4 Nf8 27. Kg3
Ng6 28. Be4 Nf4 29. h4 Rf8 30. hxg5 hxg5 31. Rh1 f5 32. Bf3 Nd5 33. Ree1 Nxc3
34. Re3 f4+ 0-1

[Event "16. Bayer Open"]
[Site "Leverkusen"]
[Date "2018.01.15"]
[Round "2.7"]
[White "Pejkovic, Patrick Slavko"]
[Black "Boschek, Hans-Joachim"]
[Result "1-0"]
[WhiteElo "2133"]
[BlackElo "1942"]
[PlyCount "33"]
[EventDate "2018.??.??"]
[WhiteTeam "Langenfelder SF"]
[BlackTeam "SG Solingen"]

1. e4 c5 2. b3 e5 3. Bb2 Nc6 4. Bc4 Nf6 5. d3 d6 6. Ne2 g6 7. O-O Bg7 8. f4 Bg4
9. Nbc3 O-O 10. Qe1 Bxe2 11. Nxe2 Nd4 12. fxe5 dxe5 13. Nxd4 cxd4 14. Qg3 Nh5
15. Qf3 Nf4 16. Ba3 Re8 17. g3 1-0

[Event "16. Bayer Open"]
[Site "Leverkusen"]
[Date "2018.01.15"]
[Round "2.8"]
[White "Piekorz, Roland"]
[Black "Bausch, Thomas"]
[Result "0-1"]
[WhiteElo "1929"]
[BlackElo "2113"]
[PlyCount "58"]
[EventDate "2018.??.??"]
[WhiteTeam "Düsseldorfer SK"]
[BlackTeam "Pulheimer SC"]

1. c4 Nf6 2. Nc3 e6 3. d4 Bb4 4. a3 Bxc3+ 5. bxc3 d6 6. Nf3 Ne4 7. Qc2 f5 8. e3
Nd7 9. Bd3 Ndf6 10. O-O b6 11. Nd2 Bb7 12. Nxe4 fxe4 13. Be2 O-O 14. a4 a5 15.
Ba3 Nd7 16. Rab1 Rb8 17. Qd1 Qg5 18. Bg4 Rf6 19. Rb5 c5 20. dxc5 Bc6 21. Qxd6
Qxg4 22. Qxc6 Rg6 23. g3 Ne5 24. Qd6 Nf3+ 25. Kg2 Rh6 26. Qxb8+ Kf7 27. Qc7+
Kg6 28. h4 Nxh4+ 29. Kg1 Nf3+ 0-1

[Event "16. Bayer Open"]
[Site "Leverkusen"]
[Date "2018.01.15"]
[Round "2.9"]
[White "Lindam, Ingo"]
[Black "Blumenthal, Ralf"]
[Result "1-0"]
[WhiteElo "2112"]
[BlackElo "1922"]
[PlyCount "61"]
[EventDate "2018.??.??"]
[WhiteTeam "Kölner SK Dr. Lasker"]
[BlackTeam "SK Turm Euskirchen"]

1. d4 c5 2. d5 Nf6 3. Nc3 g6 4. e4 d6 5. Bb5+ Bd7 6. a4 Bg7 7. Nf3 O-O 8. O-O
Bg4 9. Be2 Nbd7 10. Nd2 Bxe2 11. Qxe2 e6 12. Nc4 exd5 13. exd5 Re8 14. Qf3 Ne5
15. Nxe5 Rxe5 16. Bf4 Nh5 17. Bxe5 Bxe5 18. a5 Qh4 19. g3 Qb4 20. Rfb1 b5 21.
axb6 Qxb6 22. Ne4 h6 23. Ra3 Qd8 24. Qe3 f5 25. Nxc5 f4 26. Qe4 Qg5 27. Ne6 Qf6
28. Rba1 Qf7 29. Qb4 fxg3 30. hxg3 g5 31. Rxa7 1-0

[Event "16. Bayer Open"]
[Site "Leverkusen"]
[Date "2018.01.15"]
[Round "2.10"]
[White "Birnkott, Manfred"]
[Black "Heller, Achim"]
[Result "0-1"]
[WhiteElo "1920"]
[BlackElo "2095"]
[PlyCount "112"]
[EventDate "2018.??.??"]
[WhiteTeam "SC Bayer Leverkusen"]
[BlackTeam "SG Ennepe-Ruhr-Süd"]

1. e4 c6 2. d4 d5 3. Nc3 dxe4 4. Nxe4 Bf5 5. Ng3 Bg6 6. Nf3 e6 7. Bd3 Nf6 8.
Bg5 Bxd3 9. Qxd3 Nbd7 10. Ne4 Be7 11. Nxf6+ Bxf6 12. Bxf6 Qxf6 13. O-O O-O 14.
c3 Rfd8 15. Qe3 a5 16. Qg5 Qxg5 17. Nxg5 c5 18. Rad1 c4 19. Nf3 Nb6 20. Rd2 Rd5
21. Re1 Rad8 22. Re5 Na4 23. Rc2 Rxe5 24. Nxe5 Rc8 25. Kf1 f6 26. Nf3 Rc6 27.
Nd2 Kf7 28. Ke1 Ke7 29. Kd1 Kd6 30. Kc1 b5 31. f3 Kd5 32. Nf1 Kd6 33. Ne3 Rc7
34. Kd2 Nb6 35. Kc1 h5 36. h4 g6 37. g3 Rg7 38. b3 Nd5 39. Kd2 cxb3 40. axb3
Nxe3 41. Kxe3 e5 42. Ra2 Ra7 43. c4 bxc4 44. bxc4 exd4+ 45. Kxd4 a4 46. c5+ Kc6
47. Kc4 a3 48. Kb4 Rb7+ 49. Kc4 Ra7 50. Kb4 g5 51. f4 gxh4 52. gxh4 f5 53. Kb3
Kxc5 54. Rc2+ Kd4 55. Ka2 Ke3 56. Rc4 Kf3 0-1

[Event "16. Bayer Open"]
[Site "Leverkusen"]
[Date "2018.01.15"]
[Round "2.11"]
[White "Gramb, Marius"]
[Black "Beyer, Fabian"]
[Result "1-0"]
[WhiteElo "2088"]
[BlackElo "1908"]
[PlyCount "83"]
[EventDate "2018.??.??"]
[WhiteTeam "Brühler SK"]
[BlackTeam "SG Solingen"]

1. d4 d5 2. c4 e6 3. Nf3 Nf6 4. g3 Nbd7 5. Bg2 Bb4+ 6. Bd2 Bxd2+ 7. Qxd2 c5 8.
O-O b6 9. cxd5 exd5 10. Nc3 Bb7 11. Rfd1 O-O 12. Ne5 cxd4 13. Qxd4 Nxe5 14.
Qxe5 Re8 15. Qd4 Rc8 16. e3 h6 17. a4 Ne4 18. Nxd5 Bxd5 19. Qxd5 Qxd5 20. Rxd5
Rc2 21. Bxe4 Rxe4 22. b3 Rb4 23. Rb5 Rxb5 24. axb5 Rc5 25. Rxa7 Rxb5 26. Ra8+
Kh7 27. Ra3 Kg6 28. Kg2 f5 29. Kf3 Rb4 30. Ke2 h5 31. Kd3 h4 32. Kc3 Re4 33.
Ra6 Re6 34. gxh4 Kh5 35. Ra4 g6 36. Rb4 Rc6+ 37. Kd2 Rd6+ 38. Ke2 g5 39. hxg5
Kxg5 40. h4+ Kh5 41. Kf3 Rf6 42. Rb5 1-0

[Event "16. Bayer Open"]
[Site "Leverkusen"]
[Date "2018.01.15"]
[Round "2.12"]
[White "Jiritschka, Wolfgang"]
[Black "Kesseler, Heiko"]
[Result "0-1"]
[WhiteElo "1898"]
[BlackElo "2074"]
[PlyCount "112"]
[EventDate "2018.??.??"]
[WhiteTeam "SC Bayer Leverkusen"]
[BlackTeam "Düsseldorfer SK"]

1. c4 Nf6 2. Nc3 e5 3. g3 Nc6 4. Bg2 Be7 5. d3 O-O 6. e4 d6 7. Nge2 Be6 8. Be3
Qd7 9. O-O Ng4 10. b3 Nxe3 11. fxe3 Bg5 12. Qd2 Bh3 13. Rae1 Bxg2 14. Kxg2 f5
15. exf5 Rxf5 16. Rxf5 Qxf5 17. Rf1 Qg6 18. Nd5 Rc8 19. Nec3 h5 20. Ne4 Ne7 21.
Nxg5 Nxd5 22. e4 Nf6 23. Nf3 Rf8 24. Qg5 Kf7 25. Qxg6+ Kxg6 26. Nh4+ Kf7 27.
Nf5 g6 28. Ne3 Ke7 29. Kh3 c6 30. g4 hxg4+ 31. Nxg4 Rh8+ 32. Kg3 Nxg4 33. Kxg4
Rxh2 34. Kg5 Rg2+ 35. Kh6 g5 36. Kg6 g4 37. Rf7+ Ke6 38. Rf6+ Kd7 39. Rf7+ Kc8
40. a4 a5 41. c5 dxc5 42. Rf5 Rd2 43. Rxe5 b6 44. Kf6 Rxd3 45. Rg5 g3 46. e5
Rf3+ 47. Ke7 Kc7 48. Rg7 b5 49. Ke6+ Kb6 50. axb5 cxb5 51. Kd5 Rd3+ 52. Ke4
Rxb3 53. Rg6+ Kc7 54. Kd5 a4 55. Kxc5 a3 56. Rg7+ Kd8 0-1

[Event "16. Bayer Open"]
[Site "Leverkusen"]
[Date "2018.01.15"]
[Round "2.13"]
[White "Wille, Thomas"]
[Black "Hennig, Edgar Paul"]
[Result "1-0"]
[WhiteElo "2074"]
[BlackElo "1897"]
[PlyCount "126"]
[EventDate "2018.??.??"]
[WhiteTeam "Velberter SG"]
[BlackTeam "Satranç Club"]

1. c4 e5 2. g3 Nc6 3. Bg2 Bc5 4. Nc3 d6 5. a3 a6 6. e3 Nf6 7. Nge2 Ba7 8. O-O
O-O 9. h3 Bf5 10. d3 Rb8 11. Kh2 h6 12. b4 Ne7 13. e4 Bd7 14. Bd2 Nc6 15. Be3
Nd4 16. Bxd4 exd4 17. Nb1 c5 18. Nd2 b5 19. Nf4 g5 20. Nh5 Nxh5 21. Qxh5 Kg7
22. f4 f6 23. bxc5 Be8 24. Qe2 Bxc5 25. fxg5 hxg5 26. h4 Rh8 27. Kg1 gxh4 28.
Qg4+ Bg6 29. Rf4 Qc8 30. Qf3 h3 31. Bf1 Qe6 32. Kh2 bxc4 33. Nxc4 Rh5 34. Be2
Rg5 35. Rf1 Rf8 36. Rf2 d5 37. exd5 Qxd5 38. Rxf6 Qxf3 39. R6xf3 Rxf3 40. Rxf3
Bf7 41. a4 Bd5 42. Rf4 Be6 43. Bf3 Bd7 44. Bd1 Be6 45. Bf3 Bd7 46. a5 Bf5 47.
Be2 Be6 48. Re4 Kf6 49. g4 Bd5 50. Rf4+ Ke6 51. Kxh3 Rg8 52. Rf5 Rh8+ 53. Rh5
Rxh5+ 54. gxh5 Bxc4 55. dxc4 Kf6 56. Kg4 Bb4 57. Bd3 Kg7 58. Kf5 Bxa5 59. c5
Bc7 60. Bxa6 Kh6 61. Be2 d3 62. Bd1 d2 63. Ke4 Kg5 1-0

[Event "16. Bayer Open"]
[Site "Leverkusen"]
[Date "2018.01.15"]
[Round "2.14"]
[White "Gutt, Oswald"]
[Black "Sockel, Karl-Heinz"]
[Result "1/2-1/2"]
[WhiteElo "1890"]
[BlackElo "2070"]
[PlyCount "21"]
[EventDate "2018.??.??"]
[WhiteTeam "Bergische SF"]
[BlackTeam "SC Bayer Leverkusen"]

1. Nf3 f5 2. c4 Nf6 3. Nc3 d6 4. g3 e5 5. d3 Be7 6. Bg2 O-O 7. O-O c6 8. c5 d5
9. Nxe5 Bxc5 10. d4 Bd6 11. Nd3 1/2-1/2

[Event "16. Bayer Open"]
[Site "Leverkusen"]
[Date "2018.01.15"]
[Round "2.15"]
[White "Riesen, Peter"]
[Black "Bär, Marco"]
[Result "0-1"]
[WhiteElo "1864"]
[BlackElo "2030"]
[PlyCount "74"]
[EventDate "2018.??.??"]
[WhiteTeam "Klub Kölner SF"]
[BlackTeam "SC Bayer Leverkusen"]

1. e4 g6 2. d4 Bg7 3. f4 d5 4. e5 c5 5. Nf3 Bg4 6. Be2 e6 7. O-O Bxf3 8. Bxf3
cxd4 9. Qxd4 Nc6 10. Qd3 Nge7 11. Be3 O-O 12. c3 Rc8 13. Na3 a6 14. Nc2 Nf5 15.
Bf2 h5 16. Nd4 Nfxd4 17. Bxd4 Nxd4 18. cxd4 Qb6 19. b3 Qa5 20. Qe2 Rc3 21. Rac1
Rfc8 22. Qd2 Bf8 23. Rxc3 Rxc3 24. Rd1 Qc7 25. Qe2 Rc2 26. Rd2 Rc1+ 27. Rd1 Bb4
28. Qb2 Rc2 29. Qb1 Bd2 30. f5 gxf5 31. Bxh5 Be3+ 32. Kh1 Bxd4 33. Re1 Qc3 34.
h3 Bxe5 35. Bf3 Qd2 36. Rd1 Qf4 37. Kg1 Qh2+ 0-1